| 000 | 00595nam a22001697a 4500 | ||
|---|---|---|---|
| 005 | 2009013106516.0 | ||
| 008 | 090131t xxu||||| |||| 00| 0 eng d | ||
| 082 | _a050 | ||
| 245 | _aआजकल | ||
| 246 | _aAajkal | ||
| 260 |
_aNew Delhi _bPublication Division _c1945- |
||
| 300 |
_av. _c24 cm |
||
| 310 | _aमासिक | ||
| 270 |
_aCGO Complex, Lodhi Road _bNew delhi _e1100003 _k24367260 _zpublicationdivision.nic.in |
||
| 942 |
_2ddc _cSR _h050 _mआजक _s1 |
||
| 999 |
_c30935 _d30935 |
||